| 000 | 01014 a2200253 4500 | ||
|---|---|---|---|
| 001 | 49284 | ||
| 005 | 20260407155756.0 | ||
| 008 | 260407a2019 arg spa d | ||
| 003 | AR-UNSa-BCEJYS | ||
| 040 |
_aAR-UNSa-BCEJYS _bspa _cAR-UNSa-BCEJYS |
||
| 080 |
_a336.226 _xTipos de impuestos. Impuestos directos e indirectos |
||
| 245 | 1 | 0 |
_aImpuesto sobre los bienes personales _pexplicado y comentado |
| 020 | _a978-987-01-2304-0 | ||
| 264 | 1 |
_aBuenos Aires : _bErrepar _c2019 |
|
| 300 |
_aviii, 67 p. _c27 cm. |
||
| 505 | _a1. Imposición sobre el patrimonio - 2. Hecho imponible - 3. Exenciones - 4. Valuación de bienes - 5. Régimen de responsabilidad sustituta - 6. Liquidación y pago del impuesto. | ||
| 041 | _aspa | ||
| 942 | _cBK | ||
| 590 | _aniveau_biblio:m niveau_hierar:0 | ||
| 100 | 1 | _aCeldeiro, Ernesto Carlos | |
| 700 | 1 | _aImirizaldu, Juan José | |
| 700 | 1 | _aRofrano, Guido Omar | |
| 856 | 4 | 1 |
_uhttps://www.biblioeco.unsa.edu.ar/pmb/images/libros/L127928.jpg _yImagen de portada _qimage/jpeg |
| 999 |
_c4791 _d4791 |
||